Κατάλογος Βιβλιοθηκών Mediterranean College

Εισαγωγή στη Γλώσσα C / Μετάφραση της Πρώτης Αμερικανικής Έκδοσης 1988 (Record no. 3560)

MARC details
000 -LEADER
fixed length control field 01692cam a22001934a 4500
005 - ΗΜΕΡΟΜΗΝΙΑ ΚΑΙ ΩΡΑ ΤΕΛΕΥΤΑΙΑΣ ΕΝΗΜΕΡΩΣΗΣ
Πεδίο ελέγχου 20250605164118.0
008 - FIXED-LENGTH DATA ELEMENTS--GENERAL INFORMATION
Πεδίο ελέγχου σταθερού μήκους 250528s ||||||||||||||||||||||||d
035 ## - SYSTEM CONTROL NUMBER
System control number 18181
020 ## - ISBN
ISBN 672272784
040 ## - ΠΗΓΗ ΚΑΤΑΛΟΓΟΓΡΑΦΗΣΗΣ
Φορέας πρωτότυπης καταλογογράφησης MC Athens Campus Library
Γλώσσα καταλογογράφησης Ελληνικά, Μοντέρνα (1453-)
Modifying agency MC Athens Campus Library
Κανόνες περιγραφικής καταλογογράφησης AACR2
245 1# - ΤΙΤΛΟΣ ΚΑΙ ΔΗΛΩΣΗ ΥΠΕΥΘΥΝΟΤΗΤΑΣ
Τίτλος Εισαγωγή στη Γλώσσα C / Μετάφραση της Πρώτης Αμερικανικής Έκδοσης 1988
260 ## - PUBLICATION, DISTRIBUTION, ETC.
Name of publisher, distributor, etc. Γκιούρδας Μόσχος,
Date of publication, distribution, etc. 1989
300 ## - PHYSICAL DESCRIPTION
Extent 364
520 ## - SUMMARY, ETC.
Summary, etc. Μία πλήρη παρουσίαση της γλώσσας C και βήμα-προς-βήμα διδασκαλία, με έμφαση στην χρήση με τους μεταγλωττιστές. Πρόλογος, Εισαγωγή στην C, Συμβολισμός Δεδομένων, Αριθμητικές Πράξεις και Εκφράσεις, Βασικές Συναρτήσεις Εισόδου και Εξόδου (Input/ Output), Έλεγχος Προγράμματος: Οι Δομές If και Switch, Έλεγχος Προγράμματος: Επαναληπτικές Δομές, Εισαγωγή στους Δείκτες, Χρήση Συναρτήσεων και Μακροεντολών (Macros), Αποθήκευση Μεταβλητών και Μοντέλα Μνήμης, Πίνακες, Δομές Δεδομένων, Χρήση Αρχείων και Άλλων Μέσων Εισόδου και Εξόδου, Χρήση Γραφικών, Χρήση των Λειτουργιών BIOS, Εισαγωγή στην Δομημένη Ανάπτυξη, Πηγές, Λεξιλόγιο, Ευρετήριο.
700 1# - ΠΡΟΣΘΕΤΗ ΑΝΑΓΡΑΦΗ--ΦΥΣΙΚΟ ΠΡΟΣΩΠΟ
Personal name Townsend Carl
9 (RLIN) 4469
942 ## - ADDED ENTRY ELEMENTS (KOHA)
Koha item type Books
Holdings
Τύπος τεκμηρίου Βιβλιοθήκη Τρέχουσα τοποθεσία Barcode Αριθμός εισαγωγής Ημερομηνία απόκτησης Ταξιθετικό σύμβολο Αριθμός αντιτύπου Κατάσταση απόσυρσης Κατάσταση χαμένου Κατάσταση κατεστραμμένου Μη δανεισμός Σύνολο δανεισμών Ημερομηνία τελευταίας εμφάνισης Η τιμή ισχύει από
Books MC Athens Campus Library MC Athens Campus Library 9780000035592 2374 05/06/2025 005.133 TOW 1           05/06/2025 05/06/2025

MC Athens Campus Library
Πατησίων 94 & Κοδριγκτώνος 13, 104 34
Πελλήνης 8 & Πατησίων 107, 112 51
Τ: +30 210 8899600

MC Thessaloniki Campus Library
Ίωνος Δραγούμη 21, 54625 | Ίωνος Δραγούμη 15, 54625
Τ: +30 2310 287779 – Τ: +30 2314 440300